000
00248nam a2200109Ia 4500
008
190913s9999||||xx |||||||||||||| ||und||
100
_a
Naadeem Assrar
245
0
_a
Maeeshat
260
_a
Karachi
_b
Naqi Printer
_c
1999
300
_a
780
942
_c
BK
999
_c
7920
_d
7920